01258nam a22002657a 45000010005000000030006000050050017000110080041000280200018000690400029000870500008001160820010001241000024001342450087001582500025002452600051002703000048003214900043003695050009004125200459004215210029008805210020009096500031009297000032009609671FISKH20260128160858.0260128b cb ||||| |||| 00| 0 eng d a9780462001166 aFISKHbengcFISKHdFISKH aPZ7 a372.6 aDane, BillyeAuthor aMacey's mess / cWritten by Billy Dane ; illustrated by Matt Wilson and Simon Barr aFirst published 2008 aLondon : bMarshall Cavedish Limited , c2008. a16 pages :bcolor illustrations ;c19 cm .  aMy Pals Are Here ! Reading Stars v14a aK  aMacey’s Mess follows a young child named Macey who gets into a playful mishap at home or school (depending on the story context). Through simple sentences and supportive illustrations, the book shows how Macey learns about taking responsibility, tidying up, and solving small problems. The story is written in easy, structured language to help early primary readers practice reading full sentences while engaging with a familiar and relatable scenario.8 a510 bLexile estimate 8 aK bRaz-Plus  aResponsibilityvTidying up aWilson, Matt eIllustrator